Which Letter Was Added? - US Presidents - Statistics

General Stats
  • This quiz has been taken 43 times
  • The average score is 7 of 15
Answer Stats
Hint Answer % Correct
Johnsson S
100%
Linckoln K
88%
Jefferrson R
79%
Reagean E
54%
Rooseavelt A
50%
McKindley D
46%
Taiylor I
46%
Willson L
42%
Clintton T
42%
Obamma M
38%
Nixxon X
33%
Kenneddy D
29%
Jacksson S
25%
Gairfield I
4%
Aurthur U
4%
No matching quizzes found
Score Distribution
Percent of People with Each Score
Percentile by Number Answered
Your Score History
You have not taken this quiz